Contadura̕ Universidad de Antioquia

Detalles Bibliográficos
Autor Corporativo: Universidad de Antioquia. Departamento de Contaduraia
Formato: Desconocido
Lenguaje:español
Publicado: Medellain, Colombia : Facultad de Ciencias Econaomicas, Departamento de Contaduraia
Materias:
Acceso en línea:Acceso restringido

MARC

LEADER 00000ny a22000003n 4500
003 MiAaPQ
005 20110512121459.0
006 m d
007 cr anu
008 840202c19uu9999ck f p s 0 0 spa
010 |a 84640975 
022 |a 0120-4203 
035 |a 3536 
040 |a DLC  |c DLC  |d vLex 
043 |a s-ck--- 
050 0 0 |a HF5616.C7  |b C66 
050 0 0 |a HF5616.C7  |b C66 
082 0 |a 657/.09861  |2 19 
090 |c 1773  |d 1773 
245 3 0 |a Contadura̕ Universidad de Antioquia  |h [Recurso electrn̤ico] 
246 3 8 |a Contaduraia 
256 |a Servicio en ln̕ea 
260 |a Medellain, Colombia :  |b Facultad de Ciencias Econaomicas, Departamento de Contaduraia 
310 |a Two no. a year 
506 1 |a Contenido solo disponible en los productos indicados  |d vLex Global  |d vLex Global (Academic Edition, excluding Law Schools)  |d vLex Global (U.S. Academic Edition, excluding Law Schools) 
650 0 4 |a Contabilidad  |x Publicaciones perid̤icas 
710 2 |a Universidad de Antioquia.  |b Departamento de Contaduraia 
740 0 |a vLex Revista (Servicios en ln̕ea) 
843 |a Electrn̤ica. Abierta 
853 |8 1  |i (year)  |j (month)  |k (day) 
856 4 0 |z Acceso restringido  |u http://vlex.com/account/login_ip?fuente_id=3536  
942 |c REV 
999 0 |a Accounting  |v Periodicals 
999 0 |a Accounting  |z Colombia  |v Periodicals